Les 200 prénoms masculins les plus donnés en France en 1900 - Statistiques

Statistiques générales
  • Ce quiz a été pris 2 127 fois
  • Le résultat moyen est 47 sur 200
Statistiques - réponses
Réponse % Correct
1 J Jean
93%
2 L Louis
81%
9 P Paul
81%
3 P Pierre
76%
70 M Marc
63%
19 J Jules
62%
31 J Julien
62%
12 F François
61%
44 M Michel
57%
25 A Antoine
56%
128 H Henry
55%
11 C Charles
54%
35 J Jacques
54%
62 P Philippe
52%
29 V Victor
49%
110 X Xavier
49%
17 L Léon
47%
134 M Max
47%
39 A Alexandre
46%
5 H Henri
46%
187 JP Jean-Pierre
46%
191 C Christophe
45%
147 T Thomas
45%
61 B Bernard
44%
46 C Claude
44%
32 G Gabriel
43%
8 A André
42%
84 B Baptiste
42%
7 G Georges
42%
120 G Gérard
42%
63 N Nicolas
42%
47 A Arthur
41%
109 M Mathieu
41%
75 M Maxime
41%
129 O Olivier
41%
4 J Joseph
40%
66 L Laurent
40%
21 R Robert
40%
183 D David
39%
86 M Martin
39%
45 Y Yves
39%
6 M Marcel
38%
176 C Christian
37%
14 M Maurice
37%
101 R Raphaël
37%
169 R Romain
37%
111 V Valentin
37%
144 A Alain
36%
15 A Albert
36%
69 D Daniel
36%
72 E Emmanuel
36%
52 F Frédéric
36%
59 G Guillaume
36%
18 L Lucien
36%
10 R René
36%
54 C Clément
34%
13 E Émile
34%
126 P Pascal
34%
161 S Sébastien
34%
79 V Vincent
34%
99 S Simon
33%
170 S Stéphane
33%
188 JL Jean-Louis
32%
26 R Roger
32%
57 F Francis
31%
77 JB Jean-Baptiste
31%
125 JM Jean-Marie
31%
132 J Jérôme
31%
85 D Dominique
30%
41 A Adrien
29%
68 A Alexis
29%
36 E Édouard
29%
181 G Grégoire
28%
152 A Arnaud
27%
20 A Auguste
27%
34 C Camille
27%
40 E Étienne
27%
153 F Florent
27%
166 H Hector
27%
87 B Benoît
26%
140 G Guy
26%
43 | 158 A Armand
25%
51 A Augustin
25%
130 B Benjamin
25%
97 E Émilien
25%
23 G Gaston
25%
24 R Raymond
25%
168 R Richard
25%
156 B Bertrand
24%
94 D Denis
24%
115 O Oscar
24%
190 S Samuel
24%
22 F Fernand
23%
92 H Hubert
23%
80 J Justin
23%
149 R Rémi
23%
112 R Rémy
23%
172 C Corentin
22%
137 H Hervé
22%
107 S Sylvain
21%
33 A Alphonse
20%
65 G Gilbert
20%
37 G Gustave
20%
27 M Marius
20%
42 F Félix
19%
91 L Léonard
19%
28 A Alfred
18%
103 R Roland
18%
89 T Théodore
18%
74 T Théophile
18%
64 A Antonin
17%
30 E Ernest
17%
16 E Eugène
17%
81 O Octave
17%
155 U Ulysse
17%
55 A Adolphe
15%
67 L Léopold
15%
148 L Ludovic
15%
151 A Anatole
14%
38 E Edmond
14%
53 G Germain
14%
73 N Noël
14%
48 R Raoul
14%
189 Y Yvon
14%
96 A Achille
13%
58 F Ferdinand
13%
180 M Mathias
13%
163 P Paulin
13%
50 A Aimé
12%
185 A Alban
12%
82 M Marceau
12%
174 M Maximilien
12%
197 B Basile
11%
119 C Clovis
11%
49 E Élie
11%
179 G Gaétan
11%
143 N Norbert
11%
71 C Constant
10%
104 A Ange
9%
83 A Arsène
9%
78 C Célestin
9%
142 C César
9%
88 F Firmin
9%
136 R Régis
9%
60 A Abel
8%
122 E Éloi
8%
100 H Honoré
8%
106 I Isidore
8%
131 M Marcelin
8%
159 M Marcellin
8%
171 R Rodolphe
8%
105 A Aristide
7%
118 F Félicien
7%
90 H Hippolyte
7%
150 A Ambroise
6%
146 C Cyprien
6%
56 D Désiré
6%
139 E Edgard
6%
117 U Urbain
6%
95 A Amédée
5%
182 B Blaise
5%
167 C Clotaire
5%
195 F Florentin
5%
135 P Philibert
5%
178 S Stanislas
5%
121 B Barthélemy
4%
76 C Claudius
4%
138 J Joachim
4%
98 L Léonce
4%
93 M Martial
4%
192 A Anselme
3%
123 C Casimir
3%
160 C Cyrille
3%
194 I Ignace
3%
116 M Mathurin
3%
198 N Nestor
3%
102 P Prosper
3%
173 S Séraphin
3%
196 A Aloïs
2%
114 J Joannès
2%
108 K Kléber
2%
175 L Lazare
2%
113 M Moïse
2%
164 O Omer
2%
145 T Toussaint
2%
165 V Victorin
2%
124 A Alcide
1%
193 B Baptistin
1%
200 E Élisée
1%
177 F Fortuné
1%
127 F Francisque
1%
162 H Hilaire
1%
157 H Hyacinthe
1%
133 I Irénée
1%
141 J Joanny
1%
186 M Maximin
1%
154 N Narcisse
1%
184 V Vital
1%
199 F Florimond
0%
Aucun quiz correspondant
Distribution des résultats
% des personnes avec chaque résultat
Percentile par nombre de réponses
Votre historique - résultats
Vous n’avez pas pris ce quiz